000 00487nam a2200181Ia 4500
001 5217
005 20260306145852.0
008 260306t2007||||xx |||||||||||||| ||spa||
041 _aESP
082 _a338.2
_bI59 2007
100 _aInstituto de Ingenieros de Minas del Perú
_eAUT
245 0 _aAporte económico y social de la minería en el Perú - año 2006
260 _c2007
300 _a137 páginas :
_c20 cm.
650 _aGEN
654 _aCAN
942 _cLIB
_dJUS
_fJUS
_2ddc
_n
999 _c5217
_d5217